"And Something" Movie Titles #2 - Statistics

General Stats
  • This quiz has been taken 25 times
  • The average score is 19 of 28
Answer Stats
Year Movie % Correct
1980 The {Empire} Strikes Back
100%
2022 All Quiet on the {Western} {Front}
91%
1984 Beverly Hills {Cop}
87%
1977 Saturday Night {Fever}
87%
2008 The Dark {Knight}
87%
1986 Ferris Bueller's {Day} {Off}
83%
1993 Free {Willy}
83%
2002 Gangs of {New} {York}
83%
2010 Shutter {Island}
83%
1987 The Princess {Bride}
78%
1989 Field of {Dreams}
74%
1964 Fistful of {Dollars}
74%
1981 Raiders of the {Lost} {Ark}
74%
1995 Sense and {Sensibility}
74%
1978 The {Deer} Hunter
74%
2006 Children of {Men}
70%
1990 Days of {Thunder}
70%
2019 Once Upon a Time... in {Hollywood}
70%
1976 The Bad News {Bears}
70%
2004 Eternal Sunshine of the {Spotless} {Mind}
65%
2016 Hell or {High} {Water}
65%
1969 True {Grit}
65%
1999 The Iron {Giant}
48%
2023 Asteroid {City}
39%
1992 Bill & Ted's Bogus {Journey}
39%
2007 Hot {Fuzz}
39%
2007 The Disaster {Artist}
30%
2013 Under the {Skin}
13%
No matching quizzes found
Score Distribution
Percent of People with Each Score
Percentile by Number Answered
Your Score History
You have not taken this quiz